000 00493nam a2200181Ia 4500
008 100920s9999 xx 000 0 und d
082 _b94456
_a24 न 02
100 _aText1
245 _aगंगार्पण.
260 _bमॅजेस्टिक,मुंबई.
_c2002
300 _a204
_bसाधी
365 _b150
520 _aसायो.
630 _aगंगार्पण.
650 _aसायो.
730 _aगंगार्पण.
942 _cBOOK
999 _c734899
_d734896